Structural engineering handbook, (Record no. 550566)
[ view plain ]
| 000 -LEADER | |
|---|---|
| fixed length control field | 00591cam a22001571 4500 |
| 082 00 - DEWEY DECIMAL CLASSIFICATION NUMBER | |
| Classification number | 624.1 |
| Author Mark | STR |
| -- | L-39, P-142 |
| 100 1# - MAIN ENTRY--PERSONAL NAME | |
| Personal name | Gaylord, Edwin H. |
| 9 (RLIN) | 3511 |
| 245 10 - TITLE STATEMENT | |
| Title | Structural engineering handbook, |
| Statement of responsibility, etc. | edited by Edwin H. Gaylord, Jr. [and] Charles N. Gaylord. |
| 260 ## - PUBLICATION, DISTRIBUTION, ETC. | |
| Place of publication, distribution, etc. | New York, |
| Name of publisher, distributor, etc. | McGraw-Hill |
| Date of publication, distribution, etc. | [1968] |
| 300 ## - PHYSICAL DESCRIPTION | |
| Extent | 1 v. (various pagings) |
| Other physical details | illus., maps. |
| Dimensions | 23 cm. |
| 526 ## - STUDY PROGRAM INFORMATION NOTE | |
| Program name | 0 |
| Interest level | 0 |
| Reading level | 0 |
| Title point value | 624_100000000000000_STR |
| 526 ## - STUDY PROGRAM INFORMATION NOTE | |
| Program name | 0 |
| Interest level | 0 |
| Reading level | 0 |
| Title point value | 624_100000000000000_STR |
| 650 #0 - SUBJECT ADDED ENTRY--TOPICAL TERM | |
| Topical term or geographic name entry element | Structural engineering |
| General subdivision | Handbooks, manuals, etc. |
| 9 (RLIN) | 47262 |
| 700 1# - ADDED ENTRY--PERSONAL NAME | |
| Personal name | Gaylord, Charles N., |
| 9 (RLIN) | 3513 |
| 942 ## - ADDED ENTRY ELEMENTS (KOHA) | |
| Source of classification or shelving scheme | |
| Koha item type | Book |
| Withdrawn status | Lost status | Source of classification or shelving scheme | Damaged status | Not for loan | Permanent Location | Current Location | Date acquired | Total Checkouts | Full call number | Barcode | Date last seen | Price effective from | Koha item type |
|---|---|---|---|---|---|---|---|---|---|---|---|---|---|
| Military College of Engineering (MCE) | Military College of Engineering (MCE) | 11/14/2014 | 624.1 STR | MCE-33423 | 11/14/2014 | 11/14/2014 | Book | ||||||
| Military College of Engineering (MCE) | Military College of Engineering (MCE) | 11/14/2014 | 624.1 STR | MCE-41630 | 11/14/2014 | 11/14/2014 | Book |
